000 00613nam a2200169Ia 4500
008 090711s9999 xx 000 0 und d
082 _b67355
100 _aदिघे प्रभाकर तुकाजी
245 _aसंपूर्ण शकुन संहिता
260 _c1991
300 _a94
600 _aदिघे प्रभाकर तुकाजी
630 _aसंपूर्ण शकुन संहिता
700 _aदिघे प्रभाकर तुकाजी
730 _aसंपूर्ण शकुन संहिता
942 _cBOOK
999 _c308131
_d308131